000 00287nam a22001337a 4500
008 170615b xxu||||| |||| 00| 0 eng d
020 _a9780275951214
041 _aeng
080 _a32
100 _a19
101 _aSHP
245 _aSECURING THE COVENANT
_cREICH,B
942 _2udc
_cBK
999 _c17627
_d17627